Statistics for F.R.I.E.N.D.S. Season One

Click here to take the quiz!

General Stats

  • This quiz has been taken 1,634 times
    (1,633 since last reset)
  • The average score is 8 of 15

Answer Stats

Hint Answer % Correct
Who was Rachel supposed to marry?Barry Farber
98%
What bad habit does Chandler take up (again)?Smoking
91%
What Al Pacino body part does Joey get a role as?His Butt
91%
What is Phoebe's twin sister called?Ursula
87%
What does Rachel lose in Monica's lasagne?Her Wedding Ring
83%
Who wears a janitor's uniform during the birth of Ben?Phoebe
77%
What was the name of the Geller family dog?Chi Chi
61%
Who does Monica have a date with in the first episode?Paul the Wine Guy
55%
Complete this quote: "Your money's mine, Green." "Your _____ ___ ____ ______."flies are open, Geller.
51%
What do the bank send Phoebe to apologise for putting an extra $500 in her account?A Football Phone
48%
Who does Morgan Fairchild play in episode 11?Chandler's Mom
27%
Who plays Jack Geller?Elliott Gould
24%
What is George Stephanopoulos' job?Politician
19%
What is the name of the irritating psychologist that Phoebe dates?Roger
12%
How does Phoebe describe Ross' 'aura' when he first enters the Coffee House?Murky
10%

Score Distribution

Percentile by Number Answered

Percent of People with Each Score

Your Score History

You have not taken this quiz since the last reset